La crisis fiscal y el plan de ajuste / (Registro nro. 12775)

Detalles MARC
000 -LEADER
fixed length control field 00986nam a2200241Ia 4500
003 - CONTROL NUMBER IDENTIFIER
control field OSt
005 - DATE AND TIME OF LATEST TRANSACTION
control field 20211122093651.0
008 - FIXED-LENGTH DATA ELEMENTS--GENERAL INFORMATION
fixed length control field 210310s1985 ck gr 000 0 spa d
040 ## - CATALOGING SOURCE
Original cataloging agency CO-JMCR
Transcribing agency CO-JMCR
041 0# - LANGUAGE CODE
Language code of text/sound track or separate title spa
082 04 - DEWEY DECIMAL CLASSIFICATION NUMBER
Classification number 330.9861063 /
Item number M337c
Edition number 23
100 1# - MAIN ENTRY--PERSONAL NAME
Personal name Marín Bernal, Rodrigo
Relator term autor
9 (RLIN) 29187
245 13 - TITLE STATEMENT
Title La crisis fiscal y el plan de ajuste /
Statement of responsibility, etc. Rodrigo Marín Bernal
250 ## - EDITION STATEMENT
Edition statement 1ª. edición
260 ## - PUBLICATION, DISTRIBUTION, ETC.
Place of publication, distribution, etc. Bogotá :
Name of publisher, distributor, etc. Contraloría General de las Republica,
Date of publication, distribution, etc. 1985.
300 ## - PHYSICAL DESCRIPTION
Extent 162 páginas ;
Dimensions 24 cm.
501 ## - WITH NOTE
With note Con: notas a pie de página.
505 0# - FORMATTED CONTENTS NOTE
Formatted contents note Los primeros pasos. -- La economía y la crisis fiscal. -- El último tramo. -- Apertura externas y modelo de desarrollo. -- El plan de ajuste y el desempleo. -- la futura política económica. -- La política cafetera y el ingreso de los caficultores.
650 14 - SUBJECT ADDED ENTRY--TOPICAL TERM
Topical term or geographic name entry element Crisis fiscal
9 (RLIN) 38933
650 24 - SUBJECT ADDED ENTRY--TOPICAL TERM
Topical term or geographic name entry element Política económica
9 (RLIN) 41625
650 24 - SUBJECT ADDED ENTRY--TOPICAL TERM
Topical term or geographic name entry element Política cafetera
9 (RLIN) 41626
942 ## - ADDED ENTRY ELEMENTS (KOHA)
Source of classification or shelving scheme Dewey Decimal Classification
Koha item type Books
Existencias
Withdrawn status Lost status Source of classification or shelving scheme Damaged status Not for loan Home library Current library Shelving location Date acquired Source of acquisition Full call number Barcode Date last seen Copy number Price effective from Koha item type
    Dewey Decimal Classification     Biblioteca Pública José María del Castillo y Rada Biblioteca Pública José María del Castillo y Rada General Stacks 04/15/2018 Donación 330.9861063 / M337c 430003496 05/16/2024 Ej.1 03/10/2021 Books